Billion Streamed Singers - Sudden Death - Statistics

General Stats
  • This quiz has been taken 28 times
  • The average score is 3 of 14
Answers on the Grid
Answers color-coded by a green-red scale on the quiz's grid according to % correct below.
2Pac
AC/DC
Aerosmith
Alice in Chins
Aretha Franklin
Beastie Boys
Bob Dylan
Bruce Springsteen
Chicago
George Michael
Gloria Estefan
Hall and Oates
Kiss
Korn
Madonna
Marvin Gaye
Nickelback
N.W.A
Pearl Jam
Prince
Rolling Stones
Rush
Scorpions
Simon and Garfunkel
Slipknot
The Supremes
Third Eye Blind
U2
Van Halen
ZZ Top
 
Answer Stats
Answer % Correct
AC/DC
67%
2Pac
61%
Aerosmith
33%
Bruce Springsteen
28%
George Michael
17%
Rolling Stones
17%
Slipknot
11%
U2
11%
Van Halen
11%
Marvin Gaye
6%
Nickelback
6%
Hall and Oates
0%
Kiss
0%
Scorpions
0%
No matching quizzes found
Score Distribution
Percent of People with Each Score
Percentile by Number Answered
Your Score History
You have not taken this quiz